Contract, Tort and Restitution Statutes 2012-2013 / (Record no. 613336)

000 -LEADER
fixed length control field 00372nam a22001217a 4500
020 ## - INTERNATIONAL STANDARD BOOK NUMBER
International Standard Book Number 9781138414631
082 ## - DEWEY DECIMAL CLASSIFICATION NUMBER
Classification number 346.02
Author Mark DEV
100 ## - MAIN ENTRY--PERSONAL NAME
Personal name Devenney, James
9 (RLIN) 128326
245 ## - TITLE STATEMENT
Title Contract, Tort and Restitution Statutes 2012-2013 /
Statement of responsibility, etc. James Devenney and Howard Johnson
260 ## - PUBLICATION, DISTRIBUTION, ETC.
Place of publication, distribution, etc. London :
Name of publisher, distributor, etc. Routledge,
Date of publication, distribution, etc. 2013.
650 ## - SUBJECT ADDED ENTRY--TOPICAL TERM
Topical term or geographic name entry element Law, Contract, torts
9 (RLIN) 128327
942 ## - ADDED ENTRY ELEMENTS (KOHA)
Source of classification or shelving scheme
Koha item type Book
Holdings
Withdrawn status Lost status Source of classification or shelving scheme Damaged status Not for loan Permanent Location Current Location Date acquired Total Checkouts Full call number Barcode Date last seen Price effective from Koha item type
          NUST Law School (NLS) NUST Law School (NLS) 03/15/2025   346.4202 DEV NLS-1413 03/15/2025 03/15/2025 Book
© 2023 Central Library, National University of Sciences and Technology. All Rights Reserved.